Normal view
MARC view
Entry Personal Name
001 - CONTROL NUMBER
- control field: 38821
003 - CONTROL NUMBER IDENTIFIER
- control field: ARRUPE
005 - DATE AND TIME OF LATEST TRANSACTION
- control field: 20180124091942.0
008 - FIXED-LENGTH DATA ELEMENTS
- fixed length control field: 180124|| aca||aabn | a|a d
040 ## - CATALOGING SOURCE
- Original cataloging agency: ARRUPE
- Transcribing agency: ARRUPE
100 ## - HEADING--PERSONAL NAME
- Personal name: Minga Shanga.
670 ## - SOURCE DATA FOUND
- Source citation: Work cat.: (ARRUPE)0: Minga Shanga., Traditions verbales et rituelles chez les Lele, Kuba, Ding, Lulua, Luba, Komo et Yira (Rép. du Zaïre) /, 1984.